| 000 | 03124nam a2200289 i 4500 | ||
|---|---|---|---|
| 001 | 000021686 | ||
| 003 | DO-SdBNP | ||
| 005 | 20240229073935.0 | ||
| 007 | ta | ||
| 008 | 100910s1955 dr 000 0 spa d | ||
| 040 |
_aDO-SdBNP _bspa _cBNPHU _erda |
||
| 082 | 4 |
_a923.1 _bJ61b _222 |
|
| 100 | 1 |
_aJiménez, R. Emilio, _d1886-1970 _q(Ramón Emilio) _945114 _eautor |
|
| 245 | 1 | 0 |
_aBiografía de Trujillo / _cR. Emilio Jiménez. |
| 264 |
_aCiudad Trujillo, República Dominicana : _bDel Caribe, _c1955. |
||
| 300 |
_a310 páginas ; _c23 cm. |
||
| 336 |
_2rdacontent _atexto _btxt |
||
| 337 |
_2rdamedia _asin mediación _bn |
||
| 338 |
_2rdacarrier _avolumen _bnc |
||
| 500 | _aLa biblioteca posee dos ejemplares dedicados por el autor. | ||
| 505 | 0 |
_aPrefacio-- _tSu grave enfermedad -- _tsu autoeducación -- _tSu niñez soñadora -- _tLa tierra como escuela suya -- _tEl medio físico y su adolescencia -- _tSu primer destino público -- _tDurante la ocupación militar norteamericana -- _tTrujillo desde ahí en adelante -- _tLa común de Los Llanos -- _tEl caso de Cayo Báez -- _tUn triunfo de Trujillo -- _tSu elección para presidente de la República -- _tDiscutido, obstaculizado, injuriado -- _tSus primeros éxitos -- _tLa dura prueba del ciclón -- _tEn la casa -- _tEn el palacio -- _tEn el cuartel -- _tEn su hacienda Fundación -- _tEn el recinto festivo -- _tSu temperamento -- _tSu parquedad oral -- _tEl poder de su atención -- _tTrujillo y los problemas -- _tTrujillo y la economía -- _tEn la inauguración del Ateneo Dominicano el 23 de enero de 1932 -- _tSu concepto del progreso físico como base de los demás aspectos del progreso -- _tReacción a ser entrevistado -- _tEl concepto de la amistad en relación con su política -- _tTrujillo y el trabajo -- _tTrujillo y la riqueza -- _tTrujillo y la dádiva -- _tTrujillo y el perdón -- _tPolítica de puertas abiertas y de tierra acogedora para los sin patrias y los acosados de las suyas -- _tLa vida fe en su pueblo y el símbolo de la Cruz -- _tTrujillo y la democracia -- _tTrujillo y el poeta -- _tTrujillo, periodista -- _tSu dominicanismo -- _tPolítica de acercamiento internacional -- _tEl restablecimiento del lazo roto entre el hogar y la escuela dominicana -- _tLa personalidad política y civil de la mujer dominicana -- _tLa academia creada por Trujillo con mira a la formación de un tipo de académico que levante más el prestigio de las academias -- _tSu condición de padre de la patria nueva y su decisión en honra de Francisco J. Peynado -- _tConsecuencias trascendentales de esta determinación propia del carácter de Trujillo en relación con los conceptos de crítica infundada prevaleciente en el medio acerca de nuestros próceres -- _tLa anexión a España y la política de reparación histórica -- _tLa frontera -- _tLa razón de haber hecho de la República Dominicana una pequeña potencia militar -- _tEl viaje a España -- _tSíntesis / |
|
| 590 | _aInventariado, 2020/ YL | ||
| 600 | 1 | 0 |
_aTrujillo Molina, Rafael Leónidas, _d 1891-1961 _976764 |
| 650 | 4 |
_aPresidentes _zRepública Dominicana _91790 _vBiografías |
|
| 910 | _aYLockward | ||
| 942 |
_2ddc _cLBS1 |
||
| 999 |
_c21185 _d21185 |
||